000 01306nam a22004097a 4500
001 0042467
003 KOHA_MİRAKIL
005 20260207003314.0
007 ta
008 130730b2008 tu a|||gr||||#||||0|tur |
020 _a9789756614556
040 _aTR-BiSEU
_btur
_cTR-BiSEU
_erda
041 0 _atur
044 _ctu
050 _aHF352
_b.C87 2008
100 1 _aCurtin, Philip D..
240 1 0 _aCross-cultural trade in world history
_lTürkçe
245 1 _aDünya tarihinde kültürler arası ticaret =
_b Cross-cultural trade in world history/
_cPhilip D. Curtin ; Philip D. Curtin ; çeviren Şaban Bıyıklı.
264 1 _aİstanbul :
_bKüre
_c2008
300 _aXİİ, 354 sayfa :
_bhrt. ;
_c23 cm.
336 _ametin
_btxt
_2rdacontent
337 _aaracısız
_bn
_2rdamedia
338 _acilt
_bnc
_2rdacarrier
490 1 _aKüre yayınları ;
_v47.
490 1 _akitap.
490 1 _a İktisat incelemeleri ;
_v2
500 _aDizin var.
500 _aKaynakça var.
650 0 _aCommerce--History.
_912545
650 0 _aTicaret--Tarihi.
_978994
650 0 _aWorld history.
_912602
650 0 _aDünya tarihi.
_91475
830 1 _aKüre yayınları ;
_v47.
_96355
830 1 _akitap.
_97406
830 1 _a İktisat incelemeleri ;
_v2
_978995
942 _2lcc
_cBK
999 _c42299
_d42299